[Event "Niedersachsen-ch U16"]
[Site "Norderney"]
[Date "2014.04.14"]
[Round "5"]
[White "Thieu, Nguyen Gia Luat"]
[Black "Schulz, Raphael"]
[Result "1/2-1/2"]
[WhiteElo "1649"]
[BlackElo "1734"]
[PlyCount "80"]
[EventDate "2014.04.??"]
[EventType "swiss"]
[EventRounds "9"]
[EventCountry "GER"]
[SourceTitle "EXT 2017"]
[Source "ChessBase"]
[SourceDate "2016.10.25"]
[SourceVersion "1"]
[SourceVersionDate "2016.10.25"]
[SourceQuality "1"]

1. e4 c5 2. Nf3 e6 3. d4 cxd4 4. Nxd4 Qb6 5. Nb3 Nc6 6. Nc3 a6 7. Bd3 Nf6 8. Qe2 Qc7 9. Bd2 Be7 10. 0-0 b5 11. a3 d6 12. f4 0-0 13. Rae1 Nd7 14. f5 Nde5 15. fxe6 fxe6 16. Rxf8+ Bxf8 17. Nd1 Bb7 18. Nf2 Re8 19. Ng4 Re7 20. Rf1 Rf7 21. Rxf7 Qxf7 22. Nxe5 Nxe5 23. c4 Nxd3 24. Qxd3 Qg6 25. cxb5 axb5 26. Nd4 Bxe4 27. Qg3 Qxg3 28. hxg3 e5 29. Nxb5 d5 30. Nc3 Bc5+ 31. Kh2 Kf7 32. Nxe4 dxe4 33. g4 Bf2 34. Ba5 Ke6 35. g3 Kd5 36. Kg2 Ba7 37. Kf1 Kc4 38. Ke2 Kb3 39. Bc3 Bd4 40. Kd2 g5 1/2-1/2

[Event "Niedersachsen-ch U16"]
[Site "Norderney"]
[Date "2014.04.12"]
[Round "1"]
[White "Schulz, Raphael"]
[Black "Mogharrab, Robert"]
[Result "1-0"]
[WhiteElo "1734"]
[BlackElo "1139"]
[PlyCount "109"]
[EventDate "2014.04.??"]
[EventType "swiss"]
[EventRounds "9"]
[EventCountry "GER"]
[SourceTitle "EXT 2017"]
[Source "ChessBase"]
[SourceDate "2016.10.25"]
[SourceVersion "1"]
[SourceVersionDate "2016.10.25"]
[SourceQuality "1"]

1. d4 d5 2. c4 Nf6 3. Nc3 Nc6 4. cxd5 Nxd5 5. e4 Nxc3 6. bxc3 e6 7. Nf3 Be7 8. Bd3 0-0 9. 0-0 Bd6 10. e5 Be7 11. Qe2 f6 12. Re1 f5 13. a4 h6 14. Ba3 b6 15. Reb1 a6 16. Qa2 Kh8 17. Ne1 Bxa3 18. Qxa3 Qe7 19. Bc4 Qxa3 20. Rxa3 Rd8 21. Nd3 Kg8 22. h4 Kf7 23. h5 Rb8 24. f3 Na5 25. Ba2 Bb7 26. Nf4 Bd5 27. Nxd5 exd5 28. Kf2 Ke6 29. Bb3 c5 30. Ra2 cxd4 31. cxd4 Nxb3 32. Rxb3 Rdc8 33. Rab2 Rc6 34. Ke3 a5 35. Kd3 Kd7 36. g3 Kc7 37. Rc2 Rxc2 38. Kxc2 Kd7 39. Rb5 Ke6 40. Kd3 Rb7 41. Ke3 Rb8 42. Kf4 Rb7 43. g4 fxg4 44. Kxg4 Rb8 45. f4 Rb7 46. f5+ Ke7 47. Rxd5 Rd7 48. f6+ gxf6 49. exf6+ Ke6 50. Rxd7 Kxd7 51. Kf5 b5 52. Kg6 b4 53. f7 Ke7 54. Kg7 b3 55. f8Q+ 1-0

[Event "Niedersachsen-ch U14"]
[Site "Rotenburg"]
[Date "2013.03.29"]
[Round "9"]
[White "Schulz, Raphael"]
[Black "Neumann, Tiemon"]
[Result "1/2-1/2"]
[WhiteElo "1579"]
[BlackElo "1734"]
[PlyCount "30"]
[EventDate "2013.03.23"]
[EventType "swiss"]
[EventRounds "9"]
[EventCountry "GER"]
[SourceTitle "EXT 2015"]
[Source "ChessBase"]
[SourceDate "2014.11.20"]
[SourceVersion "1"]
[SourceVersionDate "2014.11.20"]
[SourceQuality "1"]

1. d4 d5 2. c4 Nc6 3. Nf3 Bg4 4. e3 e6 5. Nc3 Bb4 6. Be2 Nf6 7. 0-0 0-0 8. cxd5 exd5 9. Qc2 Bxc3 10. bxc3 Ne4 11. c4 Bf5 12. Qb3 Na5 13. Qb4 b6 14. Nd2 Nc6 15. Qb3 Na5 1/2-1/2

[Event "Niedersachsen-ch U14"]
[Site "Rotenburg"]
[Date "2013.03.26"]
[Round "5"]
[White "Schulz, Raphael"]
[Black "Greiving, Felix"]
[Result "0-1"]
[WhiteElo "1579"]
[BlackElo "1480"]
[PlyCount "100"]
[EventDate "2013.03.23"]
[EventType "swiss"]
[EventRounds "9"]
[EventCountry "GER"]
[SourceTitle "EXT 2015"]
[Source "ChessBase"]
[SourceDate "2014.11.20"]
[SourceVersion "1"]
[SourceVersionDate "2014.11.20"]
[SourceQuality "1"]

1. d4 d5 2. c4 c6 3. cxd5 cxd5 4. Nc3 Nc6 5. Bf4 e6 6. e3 a6 7. Bd3 Bd6 8. Bxd6 Qxd6 9. f4 f5 10. Nf3 Nf6 11. 0-0 0-0 12. Ne5 Bd7 13. Rc1 Ne4 14. Qe1 Nb4 15. Be2 Nc6 16. Rf3 Rf6 17. Rh3 Qe7 18. Nxc6 Bxc6 19. Qh4 g6 20. Nxe4 dxe4 21. Rc5 Rf7 22. Qe1 Bd5 23. a3 Qd7 24. g4 Rc8 25. Rg3 Rxc5 26. dxc5 Bc6 27. Rg2 Qd5 28. Qc3 Rf8 29. Bf1 Rd8 30. Rc2 Rd7 31. Kf2 fxg4 32. Bc4 Qf5 33. Rd2 Rxd2+ 34. Qxd2 Bd5 35. Bf1 g5 36. Kg3 gxf4+ 37. exf4 h5 38. Qa5 Qf6 39. Qd2 Kh7 40. h3 gxh3 41. Bxh3 h4+ 42. Kf2 Qg7 43. Bf1 Qg3+ 44. Ke2 Bc4+ 45. Kd1 Bxf1 46. Qd7+ Qg7 47. Qxe6 Bd3 48. Qf5+ Kh6 49. a4 Qg1+ 50. Kd2 e3+ 0-1

[Event "Niedersachsen-ch U14"]
[Site "Rotenburg"]
[Date "2013.03.25"]
[Round "4"]
[White "Weiss, Andreas1"]
[Black "Schulz, Raphael"]
[Result "1-0"]
[WhiteElo "1384"]
[BlackElo "1579"]
[PlyCount "84"]
[EventDate "2013.03.23"]
[EventType "swiss"]
[EventRounds "9"]
[EventCountry "GER"]
[SourceTitle "EXT 2015"]
[Source "ChessBase"]
[SourceDate "2014.11.20"]
[SourceVersion "1"]
[SourceVersionDate "2014.11.20"]
[SourceQuality "1"]

1. e4 c5 2. Nf3 d6 3. Bc4 Nc6 4. 0-0 g6 5. d3 Bg7 6. Nc3 e6 7. Bg5 Nge7 8. Qd2 h6 9. Be3 a6 10. Rab1 Nd4 11. Bxd4 cxd4 12. Ne2 Nc6 13. c3 dxc3 14. bxc3 Qc7 15. h3 0-0 16. Bb3 Kh7 17. d4 Na5 18. Rfc1 b5 19. Qd3 Bb7 20. d5 f5 21. exf5 Rxf5 22. Nh4 Rf6 23. Nxg6 Rxg6 24. Nf4 Qf7 25. Bc2 Qxf4 26. Qxg6+ Kg8 27. dxe6 Nc6 28. Be4 Qf6 29. c4 Qxg6 30. Bxg6 Ne5 31. Bf7+ Nxf7 32. exf7+ Kxf7 33. cxb5 Be4 34. Rb4 Bd5 35. b6 Ke6 36. b7 Rb8 37. Rc8 Rxb7 38. Rxb7 Bxb7 39. Rc7 Bd5 40. Rxg7 Bxa2 41. Rg6+ Kd5 42. Rxh6 a5 1-0

[Event "Niedersachsen-ch U14"]
[Site "Rotenburg"]
[Date "2012.04.04"]
[Round "7"]
[White "Boehm, Jana"]
[Black "Schulz, Raphael"]
[Result "1/2-1/2"]
[WhiteElo "1700"]
[BlackElo "1372"]
[PlyCount "77"]
[EventDate "2012.03.31"]
[EventType "swiss"]
[EventRounds "9"]
[EventCountry "GER"]
[SourceTitle "EXT 2015"]
[Source "ChessBase"]
[SourceDate "2014.11.20"]
[SourceVersion "1"]
[SourceVersionDate "2014.11.20"]
[SourceQuality "1"]

1. e4 e6 2. d4 d5 3. Nd2 c5 4. c3 Nc6 5. dxc5 Bxc5 6. Nb3 Bb6 7. exd5 exd5 8. Nf3 Nge7 9. Bd3 Be6 10. 0-0 Qd6 11. Nbd4 Nxd4 12. Nxd4 Bc7 13. f4 Bd7 14. Be3 a6 15. Kh1 0-0 16. Qh5 Ng6 17. Nf3 h6 18. Nh4 Nxh4 19. Qxh4 Bd8 20. Qg3 Bf6 21. Qf2 Rac8 22. Rad1 Bg4 23. Rd2 Qc6 24. h3 Bd7 25. Rfd1 Qe6 26. Re2 Qc6 27. Bd4 Rfe8 28. Red2 Bxd4 29. Qxd4 Qc5 30. Bc2 Qxd4 31. Rxd4 Bc6 32. Bb3 Rcd8 33. Bxd5 Bxd5 34. Rxd5 Rxd5 35. Rxd5 Re2 36. b3 Rxa2 37. Rd8+ Kh7 38. Rd7 b5 39. b4 1/2-1/2